02245nam a2200373uu 4500001000800000005001700008008004100025020001800066035001200084040001300096041000800109080000600117082000800123100004600131245007500177260006100252300003600313505021700349520074200566650003501308650006101343650002401404650003101428650002801459650002401487650003901511650002901550700003901579700004701618700004601665700004601711700003801757700007601795152316120260508093606.0190404s2017 spa  a9789587204582 a1523161 ccomduadb aspa aE 4a30610aBlandón Cardona, Jorge Iván4edteedt10aCorporación Cultural Nuestra Gente 30 años : Ser, hacer, acontecer aMedellín :bCorporacion Cultural Nuestra Gente,c2017. a298 páginas :bilustraciones. aCONTENIDO : Prologo: Celebrar la vida. -- Presentación. -- Y cuando llegamos... -- Aprender enseñar aprehender. -- Ciudadanas, ciudadanos y mundos. -- Artistas para la vida. -- De la creación y la pasión.3 aHay un punto de cultura viva en la comunidad lograda de Santa Cruz, sitio de la comuna 2, en donde sus pobladores han podido construir una pequeña universidad del buenvivir con la Corporación Cultural Nuestra Gente, la casa amarilla, burdel arrancado a la perversidad, para convertirlo en casa común de humanidad y vida nueva, explorando todas las herramientas que la creatividad y la innovación generan en los seres que afirman las artes y las ciencias para superar nuestros egoísmos conformando colectivos útiles al progreso de los pobladores: todos proporcionan su sostenimiento de toma y dame en las artes, la seguridad alimentaria, la convivencia dialogante y la alegría y humor del vivir sanos, solidarios y amorosos. aBuen vivir - Aspectos sociales aComuna 2, Santa Cruz - Medellín (Antioquia, Colombia) aMovimiento cultural aCreatividad e innovación aTransformación social 7aCiudadanía2embne aCorporacion Cultural Nuestra Gente aInstituciones culturales10aCaballero Bolivar, Diana4edteedt10aAtehortúa Castro, Luis Alfredo4auteaut10aSierra Vásquez, Juan Fernando4auteaut10aMelguizo Posada, Jorge Humberto4auteaut10aGiraldo García, Jenny4auteaut10aMejía Arango, Juan Luis,d1951-4aui0(viaf)65551626694637555000eaui